Normal view
MARC view
Entry Personal Name
001 - CONTROL NUMBER
- control field: 27025
003 - CONTROL NUMBER IDENTIFIER
- control field: ARRUPE
005 - DATE AND TIME OF LATEST TRANSACTION
- control field: 20161026123356.0
008 - FIXED-LENGTH DATA ELEMENTS
- fixed length control field: 161026|| aca||aabn | a|a d
040 ## - CATALOGING SOURCE
- Original cataloging agency: ARRUPE
- Transcribing agency: ARRUPE
100 ## - HEADING--PERSONAL NAME
- Personal name: South Africa Bishop's Conference
670 ## - SOURCE DATA FOUND
- Source citation: Work cat.: (ARRUPE): South Africa Bishop's Conference, The Catholic directory of Southern Africa 1971, 1971